| 000 | 00884pam a2200265 a 4500 | ||
|---|---|---|---|
| 003 | OSt | ||
| 005 | 20260205142627.0 | ||
| 008 | 900420s1990 cau b s001 0 eng | ||
| 020 |
_a0520072138 _qalk. paper |
||
| 020 |
_a0520072146 _qpbk. : alk. paper |
||
| 020 |
_a9780520072145 _q(pbk. : alk. paper) |
||
| 040 |
_aKABLIB _cKABLIB _beng _erda |
||
| 082 | 0 | 0 |
_a321.8 _223 _bPAL |
| 100 | 1 |
_aDi Palma, Giuseppe. _915379 |
|
| 245 | 1 | 0 |
_aTo craft democracies : _ban essay on democratic transitions / _cGiuseppe Di Palma. |
| 260 |
_aBerkeley : _bUniversity of California Press, _cc1990. |
||
| 300 |
_axii, 248 p. ; _c24 cm. |
||
| 336 |
_atext _btxt _2rdacontent |
||
| 337 |
_aunmediated _bn _2rdamedia |
||
| 338 |
_avolume _bnc _2rdacarrier |
||
| 504 | _aIncludes bibliographical references (p. [201]-241) and index. | ||
| 650 | 0 | _aDemocracy. | |
| 650 | 0 | _aWorld politics | |
| 942 |
_2ddc _cBOOK |
||
| 999 |
_c6066 _d6066 |
||